| 000 | 00484nam a22001937a 4500 | ||
|---|---|---|---|
| 005 | 20231030185122.0 | ||
| 008 | 231030b |||||||| |||| 00| 0 eng d | ||
| 020 | _a0781725089 | ||
| 082 |
_a617.15 _bBUC-R |
||
| 100 | _aBucholz,Robert W. | ||
| 245 | _a Rockwood and Green's fractures in adults | ||
| 250 | _a5th.ed. | ||
| 260 |
_aUSA _bLippincoat Williams _c2002 |
||
| 300 | _a1108 | ||
| 500 | _aInclude Index | ||
| 650 | _aMedical | ||
| 700 | _aRobert W.Bucholz | ||
| 999 |
_c34644 _d34644 |
||